Guess the FNAF Character By Shape - Statistics

General Stats
  • This quiz has been taken 306 times
  • The average score is 13 of 16
Answer Stats
Picture Answer % Correct
Chica the Chicken
100%
Marionette
97%
Circus Baby
96%
Nightmare
94%
Sun Drop
94%
Montgomery Gator
92%
Ballora
91%
Funtime Freddy
91%
RWQFSFASXC
91%
Glamrock Freddy
86%
Glitchtrap
86%
JJ or Dee Dee
84%
Spring Bonnie
66%
Bidybab
57%
Phantom Golden Freddy
32%
Carnie
12%
No matching quizzes found
Score Distribution
Percent of People with Each Score
Percentile by Number Answered
Your Score History
You have not taken this quiz